[Event "Titled Tuesday intern op 23rd Jan Late"]
[Site "Chess.com INT"]
[Date "2024.01.23"]
[Round "4"]
[White "Hajiyev, Kanan"]
[Black "Hess, Robert L"]
[Result "0-1"]
[WhiteElo "2129"]
[BlackElo "2591"]
[PlyCount "58"]
[EventDate "2024.01.23"]
[EventType "swiss (blitz)"]
[EventRounds "11"]
[EventCountry "USA"]
[SourceTitle "CB05_2024"]
[SourceDate "2024.01.31"]
[SourceVersion "1"]
[SourceVersionDate "2024.01.31"]
[SourceQuality "1"]

1. d4 g6 2. Nf3 Bg7 3. g3 c5 4. c3 Nf6 5. Bg2 0-0 6. 0-0 cxd4 7. cxd4 d5 8. Nc3 Nc6 9. Ne5 Na5 10. Bg5 Be6 11. Qa4 a6 12. Rfc1 Rc8 13. Qd1 h6 14. Bxf6 Bxf6 15. e3 Qd6 16. f4 b5 17. Qf3 Rfd8 18. g4 Bxe5 19. fxe5 Qb4 20. Rc2 Nc4 21. Ne2 Nxe5 22. dxe5 Rxc2 23. Nd4 Rxb2 24. Rf1 Rb1 25. Nxe6 Rxf1+ 26. Bxf1 fxe6 27. Bd3 Qe1+ 28. Kg2 Rf8 29. Qh3 Rf2+ 0-1

[Event "Titled Tuesday intern op 23rd Jan Late"]
[Site "Chess.com INT"]
[Date "2024.01.23"]
[Round "3"]
[White "Hess, Robert L"]
[Black "Andreikin, Dmitry"]
[Result "0-1"]
[WhiteElo "2591"]
[BlackElo "2729"]
[PlyCount "76"]
[EventDate "2024.01.23"]
[EventType "swiss (blitz)"]
[EventRounds "11"]
[EventCountry "USA"]
[SourceTitle "CB05_2024"]
[SourceDate "2024.01.31"]
[SourceVersion "1"]
[SourceVersionDate "2024.01.31"]
[SourceQuality "1"]

1. d4 d5 2. c4 dxc4 3. Nf3 a6 4. a4 Nc6 5. e4 Bg4 6. Bxc4 e6 7. Be3 Nf6 8. Nc3 Bb4 9. h3 Bh5 10. e5 Nd5 11. Bxd5 Qxd5 12. 0-0 Bxc3 13. bxc3 Na5 14. g4 Bg6 15. Nd2 h5 16. f3 hxg4 17. hxg4 0-0-0 18. Kg2 f5 19. exf6 gxf6 20. Qe2 f5 21. Kg3 e5 22. f4 fxg4 23. Qxg4+ Kb8 24. fxe5 Rdg8 25. Bg5 Bh5 26. Qh4 Be2 27. Qf4 Bxf1 28. Rxf1 Rxg5+ 29. Qxg5 Rg8 30. Ne4 Rxg5+ 31. Nxg5 Nc4 32. Kh4 Qg2 33. Rf8+ Ka7 34. e6 Qh2+ 35. Kg4 Ne3+ 36. Kf3 Nd5 37. Ke4 Nxc3+ 38. Kf5 Qf2+ 0-1

[Event "Titled Tuesday intern op 16th Aug Early"]
[Site "Chess.com INT"]
[Date "2022.08.16"]
[Round "11"]
[White "Hess, Robert L"]
[Black "Babazada, Khazar Araz"]
[Result "0-1"]
[WhiteElo "2591"]
[BlackElo "2457"]
[PlyCount "88"]
[EventDate "2022.08.16"]
[EventType "swiss (blitz)"]
[EventRounds "11"]
[EventCountry "USA"]
[SourceTitle "EXT 2023"]
[Source "ChessBase"]
[SourceDate "2022.10.05"]
[SourceVersion "1"]
[SourceVersionDate "2022.10.05"]
[SourceQuality "1"]

1. e4 Nf6 2. e5 Nd5 3. d4 d6 4. c4 Nb6 5. exd6 cxd6 6. Nc3 g6 7. Be3 Bg7 8. Rc1 0-0 9. b3 Bf5 10. Nf3 d5 11. c5 Nc8 12. b4 a6 13. Qb3 e6 14. h3 Ne7 15. g4 Be4 16. Nxe4 dxe4 17. Ng5 Nbc6 18. Rd1 Nd5 19. h4 Ncxb4 20. Nxe4 a5 21. Bg5 Qc7 22. Bc4 a4 23. Qb1 Nc6 24. Bxd5 exd5 25. Nf6+ Bxf6 26. Bxf6 Qf4 27. g5 Rfe8+ 28. Kf1 Qf3 29. Rh2 Re4 30. Qd3 Qf4 31. Qg3 Qf5 32. h5 Rae8 33. hxg6 fxg6 34. Qc7 Ne7 35. Qxb7 Qf4 36. Rh3 Qg4 37. Rdd3 h5 38. gxh6 Kh7 39. Rdg3 Qd1+ 40. Kg2 Re1 41. Rh2 Rg1+ 42. Kh3 Qh5+ 43. Bh4 Qf5+ 44. Rg4 Qxg4# 0-1

[Event "Titled Tuesday intern op 16th Aug Early"]
[Site "Chess.com INT"]
[Date "2022.08.16"]
[Round "6"]
[White "Hess, Robert L"]
[Black "Dubov, Daniil"]
[Result "0-1"]
[WhiteElo "2591"]
[BlackElo "2702"]
[PlyCount "50"]
[EventDate "2022.08.16"]
[EventType "swiss (blitz)"]
[EventRounds "11"]
[EventCountry "USA"]
[SourceTitle "EXT 2023"]
[Source "ChessBase"]
[SourceDate "2022.10.05"]
[SourceVersion "1"]
[SourceVersionDate "2022.10.05"]
[SourceQuality "1"]

1. e4 e5 2. Nf3 Nc6 3. Bb5 a6 4. Ba4 Nf6 5. Bxc6 dxc6 6. d3 Qd6 7. Nbd2 Be6 8. Ng5 0-0-0 9. Nxe6 Qxe6 10. Qf3 Nd7 11. Nc4 g6 12. h4 Bb4+ 13. Bd2 Bxd2+ 14. Nxd2 f5 15. h5 Kb8 16. Qh3 Nf6 17. Nb3 Nxh5 18. exf5 Qd5 19. fxg6 Nf4 20. Qh6 Nxg2+ 21. Kd2 hxg6 22. Qxh8 Rxh8 23. Rxh8+ Ka7 24. Rf8 e4 25. Re1 Nxe1 0-1

[Event "Titled Tuesday intern op 19th Jul Early"]
[Site "Chess.com INT"]
[Date "2022.07.19"]
[Round "6"]
[White "Fecker, Noah"]
[Black "Hess, Robert L"]
[Result "1-0"]
[WhiteElo "2387"]
[BlackElo "2591"]
[PlyCount "65"]
[EventDate "2022.07.19"]
[EventType "swiss (blitz)"]
[EventRounds "11"]
[EventCountry "USA"]
[SourceTitle "EXT 2023"]
[Source "ChessBase"]
[SourceDate "2022.10.05"]
[SourceVersion "1"]
[SourceVersionDate "2022.10.05"]
[SourceQuality "1"]

1. d4 g6 2. Nc3 Bg7 3. e4 a6 4. h4 h6 5. h5 g5 6. f4 gxf4 7. Bxf4 d6 8. Nf3 Nd7 9. Qd2 b5 10. 0-0-0 Bb7 11. Bd3 c5 12. d5 Qa5 13. Kb1 c4 14. Bf1 b4 15. Ne2 c3 16. Qe3 Ngf6 17. Ned4 cxb2 18. Nf5 Bf8 19. N3d4 Rc8 20. Be2 Rc3 21. Rd3 Nc5 22. Nb3 Nxb3 23. cxb3 Rg8 24. Bf3 Ng4 25. Qe2 Rxd3 26. Qxd3 Ne5 27. Bxe5 dxe5 28. Kxb2 Qa3+ 29. Kb1 Bc8 30. Ne3 e6 31. Rc1 Bd7 32. Nc4 exd5 33. Nxa3 1-0

[Event "Titled Tuesday intern op 19th Jul Early"]
[Site "Chess.com INT"]
[Date "2022.07.19"]
[Round "7"]
[White "Hess, Robert L"]
[Black "Chen, Max"]
[Result "1/2-1/2"]
[WhiteElo "2591"]
[BlackElo "2097"]
[PlyCount "150"]
[EventDate "2022.07.19"]
[EventType "swiss (blitz)"]
[EventRounds "11"]
[EventCountry "USA"]
[SourceTitle "EXT 2023"]
[Source "ChessBase"]
[SourceDate "2022.10.05"]
[SourceVersion "1"]
[SourceVersionDate "2022.10.05"]
[SourceQuality "1"]

1. b3 Nf6 2. Bb2 g6 3. d3 Bg7 4. Nd2 0-0 5. h3 d5 6. e3 Re8 7. Ne2 e5 8. g4 c5 9. Bg2 Nc6 10. Ng3 h6 11. Qe2 a5 12. a4 Rb8 13. 0-0 b6 14. Nb1 Ba6 15. Na3 e4 16. dxe4 Bxe2 17. Nxe2 Nxe4 18. Bxg7 Kxg7 19. Rad1 f5 20. Nb5 Qd7 21. c4 d4 22. exd4 cxd4 23. Nexd4 Nxd4 24. Rxd4 Qf7 25. Rfd1 Qf6 26. Nc7 Red8 27. Rxd8 Rxd8 28. Rxd8 Qe7 29. Ne8+ Kf7 30. Rc8 Ke6 31. Nc7+ Kd7 32. Nd5 Qe5 33. Nxb6+ Kd6 34. c5+ Ke7 35. Rc7+ Ke6 36. Rc6+ Ke7 37. Bxe4 Qxe4 38. Rxg6 f4 39. Rd6 f3 40. Rd1 Qe2 41. Nd5+ Kf7 42. Ne3 Qa6 43. Rd5 Qb7 44. Rf5+ Ke6 45. Kh2 Qc6 46. Kg3 Qc7+ 47. Kxf3 Qc6+ 48. Kg3 Qc7+ 49. Kg2 Qb7+ 50. Kg1 Qxb3 51. Ng2 Qxa4 52. Nf4+ Ke7 53. Nd5+ Ke6 54. c6 Qxc6 55. Nf4+ Ke7 56. Rxa5 Qc1+ 57. Kg2 Qxf4 58. Rf5 Qd6 59. Kf3 Ke6 60. Rh5 Qd3+ 61. Kg2 Qg6 62. Kg3 Ke7 63. f3 Ke6 64. f4 Ke7 65. f5 Qd6+ 66. Kf3 Kf7 67. Kg2 Kg7 68. Kf2 Qf4+ 69. Ke2 Kf6 70. Kd3 Kf7 71. f6 Qd6+ 72. Ke3 Qe6+ 73. Kd3 Qd6+ 74. Ke4 Qc6+ 75. Kd3 Qd6+ 1/2-1/2

[Event "Titled Tuesday intern op 31st May Late"]
[Site "Chess.com INT"]
[Date "2022.05.31"]
[Round "5"]
[White "Hess, Robert L"]
[Black "Hardaway, Brewington"]
[Result "0-1"]
[WhiteElo "2591"]
[BlackElo "2219"]
[PlyCount "178"]
[EventDate "2022.05.31"]
[EventType "swiss (blitz)"]
[EventRounds "11"]
[EventCountry "USA"]
[SourceTitle "CBM 208 Extra"]
[Source "ChessBase"]
[SourceDate "2022.07.31"]
[SourceVersion "1"]
[SourceVersionDate "2022.07.31"]
[SourceQuality "1"]

1. b3 Nf6 2. Bb2 g6 3. d3 Bg7 4. Nd2 0-0 5. h3 d5 6. e3 c5 7. Ne2 Nc6 8. g4 d4 9. e4 Nd7 10. Ng3 Be5 11. Rg1 e6 12. Nc4 Bc7 13. a4 a6 14. Bc1 e5 15. Bh6 Re8 16. Nf5 Nf8 17. h4 Rb8 18. Bg5 f6 19. Nh6+ Kg7 20. Bd2 b5 21. axb5 axb5 22. Nb2 Ne6 23. Nf5+ Kh8 24. Nh6 Kg7 25. g5 Nf4 26. Be2 fxg5 27. hxg5 Nh3 28. Rg3 Rf8 29. Rg2 Nf4 30. Rg3 Bd6 31. Bg4 Bxg4 32. Qxg4 Qc8 33. Kf1 Nh5 34. Rh3 Ra8 35. Rxa8 Qxg4 36. Ra7+ Nxa7 37. Nxg4 Nc6 38. Kg2 Ra8 39. Rh1 Ra2 40. Rb1 Nd8 41. Kf3 Ne6 42. Ke2 Nhf4+ 43. Kd1 Nxg5 44. Bxf4 exf4 45. Ke2 h5 46. Nh2 Bc7 47. Nf3 Nxf3 48. Kxf3 g5 49. Kg2 g4 50. f3 Ba5 51. fxg4 Bc3 52. Nd1 Rxc2+ 53. Kf3 hxg4+ 54. Kxg4 Rd2 55. Kxf4 Rxd3 56. Ke5 Bb4 57. Nf2 Rg3 58. Kf4 Rg2 59. Nd3 Bd2+ 60. Ke5 Rg5+ 61. Kd6 c4 62. bxc4 bxc4 63. Rb7+ Kh6 64. Ne5 Bf4 65. Kd5 Bxe5 66. Kxc4 Kg6 67. Rb6+ Kf7 68. Rb5 Ke6 69. Rb6+ Kd7 70. Rb5 Kd6 71. Rb6+ Kd7 72. Rb5 Kc6 73. Ra5 Rh5 74. Ra6+ Kc7 75. Ra5 Kd7 76. Rb5 Ke6 77. Rb6+ Kf7 78. Rb5 Kf6 79. Rb6+ Kg5 80. Rb7 Kf4 81. Kd5 Bh8+ 82. Kc4 Kxe4 83. Re7+ Be5 84. Rd7 Rh3 85. Rd8 Rc3+ 86. Kb4 Rc6 87. Rd7 Rd6 88. Re7 d3 89. Kb3 d2 0-1

[Event "Titled Tuesday intern op 31st May Late"]
[Site "Chess.com INT"]
[Date "2022.05.31"]
[Round "3"]
[White "Moral Garcia, Serafin"]
[Black "Hess, Robert L"]
[Result "0-1"]
[WhiteElo "2244"]
[BlackElo "2591"]
[PlyCount "72"]
[EventDate "2022.05.31"]
[EventType "swiss (blitz)"]
[EventRounds "11"]
[EventCountry "USA"]
[SourceTitle "CBM 208 Extra"]
[Source "ChessBase"]
[SourceDate "2022.07.31"]
[SourceVersion "1"]
[SourceVersionDate "2022.07.31"]
[SourceQuality "1"]

1. e4 g6 2. d4 Bg7 3. Nc3 a6 4. Be3 d6 5. f3 b5 6. Qd2 Nd7 7. a4 b4 8. Nd1 a5 9. g4 e6 10. Nf2 h5 11. Bd3 hxg4 12. fxg4 c5 13. c3 Ne7 14. h4 bxc3 15. bxc3 cxd4 16. cxd4 Nc6 17. Nf3 Nb4 18. Bb5 Ba6 19. Nd3 Bxb5 20. axb5 Nxd3+ 21. Qxd3 a4 22. Ke2 Nf6 23. Bg5 Qb6 24. Bxf6 Bxf6 25. g5 Bg7 26. Rhc1 0-0 27. Rc6 Qb8 28. Ra3 Ra5 29. b6 d5 30. e5 Qb7 31. Qc3 Rfa8 32. Ne1 Bf8 33. Ra2 Rb5 34. Qc2 Rxb6 35. Rxb6 Qxb6 36. Rxa4 Qb5+ 0-1

[Event "Titled Tuesday intern op 10th May Late"]
[Site "Chess.com INT"]
[Date "2022.05.10"]
[Round "9"]
[White "Fishbein, Alexander"]
[Black "Hess, Robert L"]
[Result "1-0"]
[WhiteElo "2413"]
[BlackElo "2591"]
[PlyCount "109"]
[EventDate "2022.05.10"]
[EventType "swiss (blitz)"]
[EventRounds "11"]
[EventCountry "USA"]
[SourceTitle "CBM 208 Extra"]
[Source "ChessBase"]
[SourceDate "2022.07.31"]
[SourceVersion "1"]
[SourceVersionDate "2022.07.31"]
[SourceQuality "1"]

1. Nf3 g6 2. e4 Bg7 3. d4 d6 4. c3 Nd7 5. Bd3 e5 6. 0-0 Ne7 7. Nbd2 Nc6 8. Nb3 0-0 9. Bg5 f6 10. Be3 g5 11. Bc4+ Kh8 12. Be6 Qe8 13. Bf5 Ne7 14. Be6 Ng6 15. Bf5 Nb6 16. Bxc8 Rxc8 17. dxe5 dxe5 18. Nfd2 Rf7 19. Qg4 Qd7 20. Qxd7 Rxd7 21. g3 Na4 22. Rab1 c5 23. Na5 b6 24. Nac4 Rcd8 25. Nf3 g4 26. Ne1 h5 27. Rc1 Rd1 28. Rxd1 Rxd1 29. Nc2 Rd7 30. N2a3 a6 31. b3 Nxc3 32. Nxb6 Rc7 33. Nac4 Nxa2 34. Rd1 Nc3 35. Rd8+ Kh7 36. Nd6 Rc6 37. Nbc4 Nb5 38. Nf5 Rc7 39. Rd5 Nd4 40. Bxd4 cxd4 41. Kf1 Bf8 42. Ke2 Rb7 43. Na5 Rc7 44. Nc4 Ne7 45. Nxe7 Bxe7 46. Kd3 Bb4 47. Rd8 Kg6 48. Rg8+ Kf7 49. Ra8 Rc6 50. Ra7+ Kg6 51. Rd7 Bf8 52. Rd5 Bh6 53. Rd7 h4 54. Rd6 h3 55. Rxc6 1-0

[Event "Chess.com Rapid Wk10 Swiss"]
[Site "Chess.com INT"]
[Date "2022.04.16"]
[Round "1"]
[White "Hess, Robert L"]
[Black "Matlakov, Maxim"]
[Result "1/2-1/2"]
[WhiteElo "2591"]
[BlackElo "2674"]
[PlyCount "91"]
[EventDate "2022.04.16"]
[EventType "swiss (rapid)"]
[EventRounds "9"]
[EventCountry "USA"]
[SourceTitle "CBM 207 Extra"]
[Source "ChessBase"]
[SourceDate "2022.05.31"]
[SourceVersion "1"]
[SourceVersionDate "2022.05.31"]
[SourceQuality "1"]

1. e4 c5 2. Nc3 d6 3. Nf3 Nf6 4. d4 cxd4 5. Nxd4 a6 6. f3 e5 7. Nb3 Be6 8. Be3 Be7 9. Qd2 0-0 10. 0-0-0 Nbd7 11. g4 b5 12. g5 Nh5 13. Kb1 Nb6 14. Na5 Rc8 15. Nd5 Nxd5 16. exd5 Bxd5 17. Qxd5 Qxa5 18. Bd3 g6 19. c4 Nf4 20. Bxf4 exf4 21. cxb5 axb5 22. h4 Rc5 23. Qe4 Re5 24. Qxf4 Re8 25. Be4 b4 26. Qh2 Bf8 27. h5 Bg7 28. hxg6 hxg6 29. Rxd6 Rxg5 30. Qd2 Rh5 31. Rd1 Qe5 32. Rd5 Qh2 33. Qxh2 Rxh2 34. R5d2 Rxd2 35. Rxd2 Be5 36. Rd7 Re6 37. Bd5 Rf6 38. Kc2 Kg7 39. Kb3 Rf4 40. a4 bxa3 41. bxa3 Kf8 42. a4 Ke8 43. Bc6 Rf6 44. Rd6+ Ke7 45. Rxf6 Kxf6 46. a5 1/2-1/2

[Event "Titled Tuesday intern op 12th Apr Early"]
[Site "Chess.com INT"]
[Date "2022.04.12"]
[Round "11"]
[White "Grandelius, Nils"]
[Black "Hess, Robert L"]
[Result "1-0"]
[WhiteElo "2656"]
[BlackElo "2591"]
[PlyCount "83"]
[EventDate "2022.04.12"]
[EventType "swiss (blitz)"]
[EventRounds "11"]
[EventCountry "USA"]
[SourceTitle "CBM 207 Extra"]
[Source "ChessBase"]
[SourceDate "2022.05.31"]
[SourceVersion "1"]
[SourceVersionDate "2022.05.31"]
[SourceQuality "1"]

1. d4 g6 2. Nf3 Bg7 3. g3 e6 4. Bg2 Ne7 5. 0-0 d6 6. c4 Nd7 7. Nc3 h6 8. e4 b6 9. e5 Bb7 10. exd6 cxd6 11. Nb5 Nf6 12. Bf4 Nf5 13. c5 bxc5 14. dxc5 e5 15. Bd2 dxc5 16. Nxe5 Bxg2 17. Kxg2 0-0 18. Bc3 Qb6 19. Na3 Ne4 20. Nac4 Qb7 21. Qf3 Rab8 22. Rfe1 Nxc3 23. bxc3 Qxf3+ 24. Kxf3 Rfe8 25. Rad1 Bxe5 26. Rxe5 Rxe5 27. Nxe5 Rb6 28. Rd8+ Kg7 29. Rd7 Rf6 30. Kg2 Re6 31. Nxf7 Kf8 32. Nd8 Ra6 33. Nb7 Rxa2 34. Nxc5 h5 35. Kf3 a5 36. Ra7 Rc2 37. Ne6+ Kg8 38. Rxa5 Rxc3+ 39. Kf4 Rc2 40. Kg5 Rxf2 41. Ra7 h4 42. Kxg6 1-0

[Event "Titled Tuesday intern op 12th Apr Early"]
[Site "Chess.com INT"]
[Date "2022.04.12"]
[Round "3"]
[White "Grischuk, Alexander"]
[Black "Hess, Robert L"]
[Result "1-0"]
[WhiteElo "2742"]
[BlackElo "2591"]
[PlyCount "115"]
[EventDate "2022.04.12"]
[EventType "swiss (blitz)"]
[EventRounds "11"]
[EventCountry "USA"]
[SourceTitle "CBM 207 Extra"]
[Source "ChessBase"]
[SourceDate "2022.05.31"]
[SourceVersion "1"]
[SourceVersionDate "2022.05.31"]
[SourceQuality "1"]

1. d4 g6 2. e4 Bg7 3. Nf3 a6 4. Bd3 d6 5. 0-0 e6 6. Re1 Ne7 7. Nbd2 Nd7 8. Nf1 h6 9. Ng3 b6 10. Be3 Bb7 11. Qd2 e5 12. c3 c5 13. a4 Qc7 14. h3 h5 15. Rac1 Nc6 16. b4 Rc8 17. Bb1 exd4 18. cxd4 Nxb4 19. Nh4 Kf8 20. f4 Qd8 21. Nf3 h4 22. Nf1 Nf6 23. Qf2 Bxe4 24. Red1 Bxb1 25. Rxb1 Ne4 26. Qe1 Qe7 27. Bf2 Re8 28. Bxh4 Bf6 29. Bf2 Nc2 30. Qe2 Nxf2 31. Qxf2 Nxd4 32. Rxb6 Qe2 33. Qxe2 Nxe2+ 34. Kh1 Nxf4 35. Rbxd6 Be7 36. Rxa6 c4 37. Rc6 Nd3 38. Rd2 Rd8 39. Rxc4 Kg7 40. Rd4 Rxd4 41. Nxd4 Nc5 42. Nc6 Bf6 43. Ra2 Ra8 44. a5 Ne4 45. Ne3 Nc3 46. Ra3 Nb5 47. Rb3 Nd4 48. Nxd4 Bxd4 49. Nc4 Rc8 50. Rb4 Rc6 51. Ra4 g5 52. g4 Ra6 53. Kg2 Bc3 54. Kf3 Re6 55. a6 Rf6+ 56. Ke4 Rf4+ 57. Kd3 Rf3+ 58. Ke2 1-0

[Event "Titled Tuesday intern op 12th Apr Early"]
[Site "Chess.com INT"]
[Date "2022.04.12"]
[Round "6"]
[White "Hess, Robert L"]
[Black "Ibadov, Dashgyn"]
[Result "1-0"]
[WhiteElo "2591"]
[BlackElo "2266"]
[PlyCount "79"]
[EventDate "2022.04.12"]
[EventType "swiss (blitz)"]
[EventRounds "11"]
[EventCountry "USA"]
[SourceTitle "CBM 207 Extra"]
[Source "ChessBase"]
[SourceDate "2022.05.31"]
[SourceVersion "1"]
[SourceVersionDate "2022.05.31"]
[SourceQuality "1"]

1. b3 e5 2. Bb2 Nc6 3. d3 Nf6 4. Nd2 d5 5. e3 Be7 6. h3 Be6 7. a3 0-0 8. Ne2 Nd7 9. g4 f5 10. gxf5 Rxf5 11. Ng3 Rf8 12. Qe2 a5 13. h4 a4 14. b4 b5 15. Bh3 Bxh3 16. Rxh3 Bd6 17. e4 Ne7 18. Nf3 d4 19. Ng5 Rf6 20. Nf5 Nxf5 21. exf5 Nf8 22. Qe4 h6 23. Qd5+ Kh8 24. Nf7+ Kh7 25. Nxd8 Rxd8 26. 0-0-0 Kh8 27. Qxb5 Rxf5 28. Qxa4 Rxf2 29. Qb3 Ng6 30. Rhh1 Nf4 31. Rhf1 Rh2 32. Rxf4 exf4 33. Bxd4 f3 34. Qc3 Rg2 35. Rf1 Rf8 36. a4 f2 37. a5 Rg1 38. Rxg1 f1Q+ 39. Rxf1 Rxf1+ 40. Kb2 1-0

[Event "Titled Tuesday intern op 12th Apr Early"]
[Site "Chess.com INT"]
[Date "2022.04.12"]
[Round "4"]
[White "Hess, Robert L"]
[Black "Janaszak, Dawid"]
[Result "0-1"]
[WhiteElo "2591"]
[BlackElo "2334"]
[PlyCount "60"]
[EventDate "2022.04.12"]
[EventType "swiss (blitz)"]
[EventRounds "11"]
[EventCountry "USA"]
[SourceTitle "CBM 207 Extra"]
[Source "ChessBase"]
[SourceDate "2022.05.31"]
[SourceVersion "1"]
[SourceVersionDate "2022.05.31"]
[SourceQuality "1"]

1. b3 c5 2. Bb2 d6 3. d3 Nc6 4. Nd2 e5 5. e3 f5 6. Ne2 Nf6 7. g3 Be7 8. Bg2 0-0 9. a3 Qe8 10. c4 Be6 11. Qc2 Rd8 12. 0-0-0 b5 13. cxb5 Na5 14. a4 Nd5 15. Bc3 Nb4 16. Bxb4 cxb4 17. Nc4 Rc8 18. Nxa5 Rxc2+ 19. Kxc2 Qf7 20. Nc1 f4 21. gxf4 exf4 22. Nc6 Bh4 23. Rd2 Qf6 24. Nxb4 fxe3 25. fxe3 Qg5 26. Nc6 Qxe3 27. Rhd1 Bg4 28. Rf1 Rxf1 29. Bxf1 Bg5 30. Rg2 Qxc1# 0-1

[Event "Titled Tuesday intern op 12th Apr Early"]
[Site "Chess.com INT"]
[Date "2022.04.12"]
[Round "10"]
[White "Hess, Robert L"]
[Black "Weetik, Vjacheslav"]
[Result "1-0"]
[WhiteElo "2591"]
[BlackElo "2423"]
[PlyCount "67"]
[EventDate "2022.04.12"]
[EventType "swiss (blitz)"]
[EventRounds "11"]
[EventCountry "USA"]
[SourceTitle "CBM 207 Extra"]
[Source "ChessBase"]
[SourceDate "2022.05.31"]
[SourceVersion "1"]
[SourceVersionDate "2022.05.31"]
[SourceQuality "1"]

1. b3 d5 2. Bb2 Bg4 3. d3 Nd7 4. Nd2 e5 5. h3 Bh5 6. g4 Bg6 7. e3 Bd6 8. Bg2 c6 9. Ngf3 h5 10. Qe2 Ne7 11. Nh4 Bh7 12. 0-0-0 a5 13. a4 b5 14. axb5 cxb5 15. d4 Qc7 16. Nf5 Bxf5 17. gxf5 a4 18. Qxb5 0-0 19. Bxd5 Ra5 20. Qc4 Nxd5 21. Qxc7 Nxc7 22. Nc4 a3 23. Ba1 Bb4 24. dxe5 Nc5 25. Nxa5 Bxa5 26. Rhg1 Nb5 27. Rd5 Rc8 28. e6 Bc3 29. e7 Bxa1 30. Rd8+ Kh7 31. Rxc8 Bb2+ 32. Kd2 a2 33. e8Q Bc3+ 34. Ke2 1-0

[Event "Titled Tuesday intern op 12th Apr Early"]
[Site "Chess.com INT"]
[Date "2022.04.12"]
[Round "5"]
[White "Lamaze, Simon"]
[Black "Hess, Robert L"]
[Result "0-1"]
[WhiteElo "2366"]
[BlackElo "2591"]
[PlyCount "106"]
[EventDate "2022.04.12"]
[EventType "swiss (blitz)"]
[EventRounds "11"]
[EventCountry "USA"]
[SourceTitle "CBM 207 Extra"]
[Source "ChessBase"]
[SourceDate "2022.05.31"]
[SourceVersion "1"]
[SourceVersionDate "2022.05.31"]
[SourceQuality "1"]

1. d4 g6 2. c4 Bg7 3. Nc3 c5 4. d5 Bxc3+ 5. bxc3 f5 6. g4 fxg4 7. h3 g3 8. fxg3 Qa5 9. Qd3 d6 10. Bg2 Nd7 11. Nf3 Nb6 12. 0-0 Nf6 13. e4 Qa4 14. e5 Bf5 15. Qe2 Ne4 16. g4 Ng3 17. Qe1 Nxf1 18. exd6 Qd7 19. gxf5 Qxd6 20. Qxf1 gxf5 21. Nh4 Rf8 22. Qf4 Qf6 23. Bd2 0-0-0 24. Re1 Qd6 25. Bf1 Rf7 26. Bd3 Rdf8 27. Re6 Qd7 28. Be1 Kd8 29. Bg3 Nc8 30. Kf2 Nd6 31. Nf3 Ne4+ 32. Ke2 Nxg3+ 33. Qxg3 f4 34. Qg5 Qa4 35. Qe5 Qxa2+ 36. Nd2 f3+ 37. Ke3 Qa5 38. Qb8+ Kd7 39. Qxb7+ Qc7 40. Qb5+ Kd8 41. Rc6 Qf4+ 42. Kf2 Qxd2+ 43. Kf1 Qxd3+ 44. Kf2 Qe2+ 45. Kg3 Qg2+ 46. Kh4 Rf4+ 47. Kh5 Qg6+ 48. Rxg6 hxg6+ 49. Kxg6 R4f6+ 50. Kg5 f2 51. Qb8+ Kd7 52. Qb7+ Ke8 53. Qc8+ Kf7 0-1

[Event "Titled Tuesday intern op 12th Apr Early"]
[Site "Chess.com INT"]
[Date "2022.04.12"]
[Round "2"]
[White "Reprintsev, Alexander"]
[Black "Hess, Robert L"]
[Result "0-1"]
[WhiteElo "2353"]
[BlackElo "2591"]
[PlyCount "80"]
[EventDate "2022.04.12"]
[EventType "swiss (blitz)"]
[EventRounds "11"]
[EventCountry "USA"]
[SourceTitle "CBM 207 Extra"]
[Source "ChessBase"]
[SourceDate "2022.05.31"]
[SourceVersion "1"]
[SourceVersionDate "2022.05.31"]
[SourceQuality "1"]

1. e4 g6 2. d4 Bg7 3. Nc3 a6 4. h4 h6 5. f4 h5 6. Nf3 d6 7. Ng5 Nh6 8. Be2 Bg4 9. Bf3 Qd7 10. Be3 Nc6 11. d5 Nd8 12. Qd2 f6 13. Nh3 c5 14. dxc6 bxc6 15. 0-0-0 Rb8 16. Nf2 Ndf7 17. Nxg4 Nxg4 18. Rhe1 Nxe3 19. Qxe3 0-0 20. f5 Bh6 21. fxg6 Bxe3+ 22. Rxe3 Ne5 23. Bxh5 Rxb2 24. g7 Rfb8 25. Rg3 Qe6 26. Be2 Rxa2 27. Nxa2 Qxa2 28. Kd2 Qa5+ 29. Ke3 Rb2 30. Bd3 Qc5+ 31. Kf4 Nxd3+ 32. cxd3 Rf2+ 33. Kg4 Kxg7 34. Kh3+ Kf7 35. d4 Qc2 36. Re1 Qd2 37. Ree3 Qxd4 38. h5 Qe5 39. Kh4 Rf4+ 40. Rg4 Qg5+ 0-1

[Event "Chess.com Rapid Wk9 Swiss"]
[Site "Chess.com INT"]
[Date "2022.04.09"]
[Round "8"]
[White "Kamsky, Gata"]
[Black "Hess, Robert L"]
[Result "0-1"]
[WhiteElo "2661"]
[BlackElo "2591"]
[PlyCount "128"]
[EventDate "2022.04.09"]
[EventType "swiss (rapid)"]
[EventRounds "9"]
[EventCountry "USA"]
[SourceTitle "CBM 207 Extra"]
[Source "ChessBase"]
[SourceDate "2022.05.31"]
[SourceVersion "1"]
[SourceVersionDate "2022.05.31"]
[SourceQuality "1"]

1. e4 d6 2. d4 Nf6 3. Nc3 c6 4. Nf3 Bg4 5. h3 Bh5 6. Be2 Qc7 7. Nh4 Bg6 8. Nxg6 hxg6 9. Be3 Nbd7 10. a3 e6 11. d5 exd5 12. exd5 Be7 13. 0-0 0-0 14. Re1 Rfe8 15. Qd2 Nb6 16. dxc6 bxc6 17. Bf4 Qb7 18. Rad1 d5 19. b4 a5 20. Rb1 axb4 21. axb4 Rad8 22. Bd3 d4 23. Ne4 Nbd5 24. Nxf6+ Bxf6 25. Rxe8+ Rxe8 26. Bg3 Nc3 27. Re1 Rd8 28. Bc4 Qxb4 29. Qd3 c5 30. Ra1 Qb7 31. Re1 Nd5 32. Qe4 Qd7 33. Kh2 Ne7 34. Rb1 Qa4 35. Qe2 Qc6 36. Rb3 Nf5 37. Bf4 Re8 38. Qd3 Nh4 39. Qg3 Nf5 40. Qd3 Re7 41. Rb8+ Kh7 42. Qb3 Qe4 43. Bg3 Be5 44. Rf8 Nh4 45. Bf1 Nf5 46. Qd3 Qxd3 47. Bxd3 Bxg3+ 48. fxg3 Ne3 49. Rc8 Re5 50. g4 f5 51. gxf5 gxf5 52. Kg3 Kh6 53. Kf4 Rd5 54. g3 g5+ 55. Kf3 Kg6 56. g4 Kf6 57. gxf5 c4 58. Bxc4 Rxf5+ 59. Ke4 Rf4+ 60. Kd3 Rh4 61. Bb3 Ke5 62. Re8+ Kf4 63. Kxd4 Nf5+ 64. Kd5 Ne7+ 0-1

[Event "Titled Tuesday intern op 05th Apr Late"]
[Site "Chess.com INT"]
[Date "2022.04.05"]
[Round "5"]
[White "Arabidze, Meri"]
[Black "Hess, Robert L"]
[Result "1/2-1/2"]
[WhiteElo "2430"]
[BlackElo "2591"]
[PlyCount "107"]
[EventDate "2022.04.05"]
[EventType "swiss (blitz)"]
[EventRounds "11"]
[EventCountry "USA"]
[SourceTitle "CBM 207 Extra"]
[Source "ChessBase"]
[SourceDate "2022.05.31"]
[SourceVersion "1"]
[SourceVersionDate "2022.05.31"]
[SourceQuality "1"]

1. d4 g6 2. Nf3 Bg7 3. g3 d6 4. Bg2 Nd7 5. 0-0 e6 6. e4 Ne7 7. Nc3 h6 8. Be3 a6 9. Qd2 b5 10. a3 Bb7 11. Rfe1 g5 12. d5 e5 13. a4 b4 14. Na2 a5 15. c3 Nc5 16. Bxc5 dxc5 17. c4 Ba6 18. b3 Ng6 19. Rf1 Bf8 20. Nc1 Bc8 21. Nd3 Bd6 22. Nfe1 Qe7 23. Nc2 h5 24. Ne3 Qf6 25. Rae1 h4 26. Nf5 Ne7 27. g4 Ng6 28. h3 0-0 29. Qe3 Nf4 30. Nxc5 Bxf5 31. exf5 Bxc5 32. Qxc5 Nd3 33. Qxc7 Rfc8 34. Qd7 Nc5 35. Qb5 Qd6 36. Re3 f6 37. Rfe1 Kf7 38. Kh1 Rc7 39. Kg1 Ra6 40. Qb8 Rb6 41. Qh8 Qf8 42. Qxf8+ Kxf8 43. R1e2 Ke7 44. Rd2 Kd6 45. Re1 Rb8 46. Re3 Re8 47. Kf1 Rb8 48. Ke2 Rb6 49. Kd1 Rb8 50. Kc2 Rb6 51. Rde2 Rb8 52. Rd2 Rbb7 53. Rde2 Rb8 54. Rd2 1/2-1/2